000 00501nam a2200169Ia 4500
008 240729s9999 xx 000 0 und d
022 _a2149-6048
245 0 _aEurasian Journal of Emergency Medicine
260 _aTürkiye
260 _bGalenos Yayinevi
650 _a Internal medicine
650 _a Medical emergencies. Critical care. Intensive care. First aid
650 _aMedicine
856 _uhttps://doaj.org/toc/7ba3ae4ccbcd4f7a90bbea5a3d4ed14f
942 _2ddc
942 _cDOAJEJ
999 _c72744
_d72744
945 _a1
_bMadushi Gamage
_c1
_dMadushi Gamage